Guess the Taylor Swift Song with No Hints - 26 - Statistics

General Stats
  • This quiz has been taken 66 times
  • The average score is 170 of 249
Answer Stats
Answer % Correct
I
100%
a
96%
the
96%
you
93%
You
93%
I'm
87%
It
87%
it
87%
in,
85%
in
85%
love
85%
me
83%
to
83%
my
81%
no,
81%
that
80%
this
80%
be
78%
Was
78%
was
78%
like
76%
of
76%
your
76%
how
72%
oh,
70%
Oh
70%
Oh,
70%
if
69%
I'll
69%
Never
69%
what
69%
know
67%
down
65%
just
63%
Just
63%
now
63%
thought
61%
out
59%
time
59%
would
59%
around
57%
can't
57%
falling
57%
much
56%
right
56%
turn
56%
up,
56%
again
54%
back
54%
plane
54%
going
52%
labyrinth
52%
only
52%
am
50%
last
50%
mind
50%
over
50%
whole
50%
hurts
48%
life
48%
thinking
48%
feels
46%
Breathe
44%
breathe
44%
hate
44%
How'd
44%
getting
41%
Lost
41%
scared
41%
Uh
41%
Break
39%
break
39%
elevators
39%
everybody
39%
make
39%
bounce
37%
expects
35%
free,
35%
smile
35%
through,
35%
fast
33%
rises
33%
trust
33%
raw
26%
No matching quizzes found
Score Distribution
Percent of People with Each Score
Percentile by Number Answered
Your Score History
You have not taken this quiz